Finanzas y Desarrollo, septiembre de 2014.

Este ano marca el septuagesimo aniversario del FMI y el Banco Mundial y el quincuagesimo aniversario de F and D. El mundo ha presenciado una asombrosa cantidad de cambios en los ultimos siete decenios. Asi que, con estos dos aniversarios en mente, nos centramos en la transformacion pasada y futura d...

Descripción completa

Detalles Bibliográficos
Autor Corporativo: International Monetary Fund. External Relations Dept
Formato: Revista
Lenguaje:English
Publicado: Washington, D.C. : International Monetary Fund, 2014.
Colección:Finance and Development; Finance and Development ; No. 0051/003
Acceso en línea:Full text available on IMF
LEADER 02836cas a2200241 a 4500
001 AALejournalIMF014249
008 230101c9999 xx r poo 0 0eng d
020 |z 9781475516593 
022 |a 0250-7447 
040 |a BD-DhAAL  |c BD-DhAAL 
110 2 |a International Monetary Fund.  |b External Relations Dept. 
240 1 0 |a Finanzas y Desarrollo, septiembre de 2014.  |l Spanish 
245 1 0 |a Finanzas y Desarrollo, septiembre de 2014. 
264 1 |a Washington, D.C. :  |b International Monetary Fund,  |c 2014. 
300 |a 1 online resource (60 pages) 
490 1 |a Finance and Development 
500 |a <strong>Off-Campus Access:</strong> No User ID or Password Required 
500 |a <strong>On-Campus Access:</strong> No User ID or Password Required 
506 |a Electronic access restricted to authorized BRAC University faculty, staff and students 
520 3 |a Este ano marca el septuagesimo aniversario del FMI y el Banco Mundial y el quincuagesimo aniversario de F and D. El mundo ha presenciado una asombrosa cantidad de cambios en los ultimos siete decenios. Asi que, con estos dos aniversarios en mente, nos centramos en la transformacion pasada y futura de la economia mundial para tratar de dilucidar como sera la economia de aqui a otros 70 anos mas. Cinco ganadores de Premio Nobel -George Akerlof, Paul Krugman, Robert Solow, Michael Spence y Joseph Stiglitz- opinan sobre el problema mas grande que probablemente enfrentara la economia mundial en los anos venideros. En 'Un mundo de cambios', Ayhan Kose y Ezgi Ozturk resenan las transformaciones economicas de los ultimos 70 anos. Martin Wolf examina los riesgos y el potencial de la globalizacion en 'Orientar la globalizacion'. En 'Hablando claro', la titular del FMI, Christine Lagarde, traza el curso de la institucion en la proxima decada, y el Economista Jefe del FMI, Olivier Blanchard, extrae lecciones de la crisis financiera de 2008 en 'Donde acecha el peligro'. Tambien en este numero, el caricaturista Nick Galifianakis y Joe Procopio relatan los origenes del FMI en una historieta de siete paginas. En 'Gente del mundo de la economia', presentamos una semblanza de un gigante de la Economia: el ganador del Premio Nobel y catedratico de Stanford Ken Arrow, quien convirtio su temprana pasion por las matematicas y su trabajo en meteorologia durante la Segunda Guerra Mundial en una fascinante carrera en Economia. Para redondear, Jeffrey Ball escribe sobre el futuro de la energia en la economia mundial, y Jonathan Ostry y Andrew Berg abordan el tema economico mas candente de la actualidad, como medir la desigualdad. 
538 |a Mode of access: Internet 
830 0 |a Finance and Development; Finance and Development ;  |v No. 0051/003 
856 4 0 |z Full text available on IMF  |u http://elibrary.imf.org/view/journals/022/0051/003/022.0051.issue-003-es.xml  |z IMF e-Library